000 01114nam a2200289 i 4500
001 186513
003 SpMaBN
005 20250905102003.0
008 161121s2007 sp a |||| |dspa d
020 _a978-84-8026-348-1
080 _a7.041.2/.3
080 _a7.01
080 _a7.036
080 _a159.937.5
245 0 0 _aCuerpo y mirada, huellas del siglo XX /
_cedición a cargo de Aurora Fernández Polanco.
260 _aMadrid :
_bMuseo Nacional Centro Arte Reina Sofía,
_c[2007]
300 _a201 p. :
_bil. col. y n. ;
_c23 cm.
500 _aÍndice.
594 _aRecopilación de las conferencias del ciclo homónimo celebrado en el MNCARS entre el 16 de febrero y el 28 de marzo, con ocasión de la exposición "La visión impura: fondos de la colección permanente"
650 7 _aCuerpo humano-
_xEn el arte.
_911508
650 7 _aEstética-
_yS.XX.
_912540
650 0 7 _aPercepción visual.
_915933
700 1 _aFernández Polanco, Aurora.
_9161337
710 2 _aMuseo Nacional Centro de Arte Reina Sofía
_9147737
852 _aES-MaACL
_jL-30857
999 _c186513
_d186513